Dilapidation of the rural: development, politics, and farmer suicides in India
| Autor principal: | |
|---|---|
| Tipo de documento: | Print Libro |
| Lenguaje: | Inglés |
| Publicado: |
Basingstoke
Palgrave Macmillan
[2022]
|
| En: | Año: 2022 |
| Acceso en línea: |
Índice Texto de la solapa |
| Disponibilidad en Tübingen: | Disponible en Tübingen. UB: KB 21 A 2864 |
| Verificar disponibilidad: | HBZ Gateway |
| Servicio de pedido Subito: | Pedir ahora. |
| Palabras clave: |
MARC
| LEADER | 00000cam a2200000 c 4500 | ||
|---|---|---|---|
| 001 | 1833105451 | ||
| 003 | DE-627 | ||
| 005 | 20251226205528.0 | ||
| 007 | tu | ||
| 008 | 230203s2022 xxk||||| 00| ||eng c | ||
| 020 | |a 9789811938917 |c hbk. : £109.99 |9 978-981-19-3891-7 | ||
| 035 | |a (DE-627)1833105451 | ||
| 035 | |a (DE-599)KXP1833105451 | ||
| 040 | |a DE-627 |b ger |c DE-627 |e rda | ||
| 041 | |a eng | ||
| 044 | |c XA-GB | ||
| 072 | 7 | |a JPP |2 bicssc | |
| 072 | 7 | |a POL028000 |2 bisacsh | |
| 082 | 0 | |a 307.1412 |2 23 | |
| 084 | |a 2,1 |2 ssgn | ||
| 100 | 1 | |a Suthar, Sudhir Kumar |e VerfasserIn |0 (DE-588)128386987X |0 (DE-627)1839566116 |4 aut | |
| 109 | |a Suthar, Sudhir Kumar | ||
| 245 | 1 | 0 | |a Dilapidation of the rural |b development, politics, and farmer suicides in India |c Sudhir Kumar Suthar |
| 263 | |a 202209 | ||
| 264 | 1 | |a Basingstoke |b Palgrave Macmillan |c [2022] | |
| 300 | |a xvii, 210 Seiten |b Illustrationen |c 21 cm | ||
| 336 | |a Text |b txt |2 rdacontent | ||
| 337 | |a ohne Hilfsmittel zu benutzen |b n |2 rdamedia | ||
| 338 | |a Band |b nc |2 rdacarrier | ||
| 583 | 1 | |a Archivierung/Langzeitarchivierung gewährleistet |f FID |x XA-DE-BW |2 pdager |5 DE-21 | |
| 650 | 0 | |a Rural development |z India | |
| 650 | 0 | |a Agriculture |x Social aspects |z India | |
| 650 | 0 | |a Suicide |z India | |
| 651 | 0 | |a India |x Politics and government | |
| 689 | 0 | 0 | |d g |0 (DE-588)4026722-2 |0 (DE-627)104585129 |0 (DE-576)208967699 |a Indien |2 gnd |
| 689 | 0 | 1 | |d s |0 (DE-588)4004763-5 |0 (DE-627)106384244 |0 (DE-576)208857761 |a Bauer |2 gnd |
| 689 | 0 | 2 | |d s |0 (DE-588)4054423-0 |0 (DE-627)106162845 |0 (DE-576)209108606 |a Suizid |2 gnd |
| 689 | 0 | 3 | |d s |0 (DE-588)4198658-1 |0 (DE-627)105187038 |0 (DE-576)210123443 |a Drogenkonsum |2 gnd |
| 689 | 0 | 4 | |d s |0 (DE-588)4003554-2 |0 (DE-627)104162651 |0 (DE-576)208852034 |a Aufstand |2 gnd |
| 689 | 0 | 5 | |d s |0 (DE-588)4000771-6 |0 (DE-627)10640010X |0 (DE-576)208839348 |a Agrarpolitik |2 gnd |
| 689 | 0 | |5 (DE-627) | |
| 776 | 1 | |o 10.1007/978-981-19-3892-4 | |
| 776 | 1 | |z 9789811938924 |c PDF ebook : £109.50 | |
| 856 | 4 | 2 | |u https://swbplus.bsz-bw.de/bsz1833105451inh.htm |m V:DE-576 |m B:DE-21 |v 20230325193335 |3 Inhaltsverzeichnis |7 1 |
| 856 | 4 | 2 | |u https://swbplus.bsz-bw.de/bsz1833105451kla.htm |m V:DE-576 |m B:DE-21 |v 20230325193335 |3 Klappentext |7 1 |
| 951 | |a BO | ||
| ELC | |b 1 | ||
| LOK | |0 000 xxxxxcx a22 zn 4500 | ||
| LOK | |0 001 4263190025 | ||
| LOK | |0 003 DE-627 | ||
| LOK | |0 004 1833105451 | ||
| LOK | |0 005 20230320111315 | ||
| LOK | |0 008 230203||||||||||||||||ger||||||| | ||
| LOK | |0 040 |a DE-21 |c DE-627 |d DE-21 | ||
| LOK | |0 852 |a DE-21 | ||
| LOK | |0 852 1 |c KB 21 A 2864 |9 00 | ||
| LOK | |0 935 |a krim | ||
| LOK | |0 938 |a 2303 |f 34 | ||
| LOK | |0 939 |a 03-02-23 |b l01 | ||
| ORI | |a SA-MARC-krimdoka001.raw | ||
| SIG | |a UB: KB 21 A 2864 | ||
| TIM | |a 100019470815_100020261231 |b 1947-08-15 - 2026 | ||
